Most Streamed Songs from Lover Album by Taylor Swift - Statistics

General Stats
  • This quiz has been taken 586 times
    496 since last reset
  • The average score is 10 of 19
Answer Stats
Streams Track % Correct
806M Lover
100%
733M ME!
83%
729M You Need To Calm Down
80%
594M Cruel Summer
79%
480M The Man
68%
402M Paper Rings
62%
232M The Archer
47%
262M I Forgot That You Existed
45%
235M Afterglow
44%
93M It's Nice to Have a Friend
44%
104M Soon You'll Get Better
41%
206M London Boy
40%
202M Cornelia Street
39%
188M Miss Americana & the Heartbreak Prince
37%
167M Daylight
36%
130M Death by a Thousand Cuts
35%
142M False God
32%
183M I Think He Knows
29%
130M All Of The Girls You Loved Before
9%
No matching quizzes found
Score Distribution
Percent of People with Each Score
Percentile by Number Answered
Your Score History
You have not taken this quiz since the last reset